| 000 | 00659nam a2200217 a 4500 | ||
|---|---|---|---|
| 005 | 20240813063847.0 | ||
| 008 | 170309s2002 mx r 000 0 spa d | ||
| 020 | _a9701876350 | ||
| 035 | _aUPN01000216640 | ||
| 049 | _aF | ||
| 050 | 4 |
_aTX361 C5 _bB3.2 |
|
| 100 | 1 |
_aBautista Hernández, Víctor Manuel _940241 |
|
| 245 | 1 | 3 |
_aLa aventura-- de la despensa del programa aula abierta / _cVíctor Manuel Bautista Hernández. |
| 260 |
_aOaxaca de Juárez : _bIEEPO, _c2002. |
||
| 300 |
_a12 p. : _bil. |
||
| 440 | 0 | _aAula abierta | |
| 650 | 4 |
_aNiños _xNutrición _95247 |
|
| 650 | 4 |
_aNiños _xSalud e higiene _94876 |
|
| 905 | _aLibro | ||
| 999 |
_c188740 _d188740 |
||